Impact of sense of coherence on Oral Health, Oral Health related Behaviours and Oral Health related Quality of Life among an adolescent population (Record no. 23897)

MARC details
000 -LEADER
fixed length control field 00477nam a22001457a 4500
003 - CONTROL NUMBER IDENTIFIER
control field SGT
082 ## - DEWEY DECIMAL CLASSIFICATION NUMBER
Classification number 617.601
Item number I21S
100 ## - MAIN ENTRY--PERSONAL NAME
Personal name Sabherwal, Ruchi
245 ## - TITLE STATEMENT
Title Impact of sense of coherence on Oral Health, Oral Health related Behaviours and Oral Health related Quality of Life among an adolescent population
260 ## - PUBLICATION, DISTRIBUTION, ETC. (IMPRINT)
Place of publication, distribution, etc Gurugram, Haryana
Name of publisher, distributor, etc SGT University
Year of Publication 2021
300 ## - PAGE DESCRIPTION
No. of Pages 181
650 ## - SUBJECT ADDED ENTRY--TOPICAL TERM
Topical term or geographic name as entry element Public Health Dentistry
653 ## - KEYWORDS--INDEX TERM
Keyword term Public Health Dentistry
942 ## - ADDED ENTRY ELEMENTS (KOHA)
Source of classification or shelving scheme Dewey Decimal Classification
Koha item type Thesis/Dissertation
Holdings
Withdrawn status Lost status Source of classification or shelving scheme Damaged status Use restrictions Not for loan Home library Current library Date acquired SGTU Full call number Accession No. (Barcode) Date last seen Bill Date Koha item type Collection code Shelving location Total Checkouts
    Dewey Decimal Classification   Restricted Access Not For Loan SGT Dental Library SGT Dental Library 18/04/2023 SGTU 617.601 I21S DT1574 18/04/2023 18/04/2023 Thesis/Dissertation      
    Dewey Decimal Classification     Not For Loan SGT Medical Library SGT Medical Library 20/06/2024   617.601 I21S DT1691 20/06/2024 20/06/2024 Thesis/Dissertation MEDICAL Reference Book  
    Dewey Decimal Classification     Not For Loan SGT Medical Library SGT Medical Library 20/06/2024   617.601 I21S DT1692 20/06/2024 20/06/2024 Thesis/Dissertation MEDICAL Reference Book  
    Dewey Decimal Classification     Not For Loan SGT Medical Library SGT Medical Library 20/06/2024   617.601 I21S DT1693 20/06/2024 20/06/2024 Thesis/Dissertation MEDICAL Reference Book